000 00852nac a22002537a 4500
001 BR7908007
003 BR-BrBNA
005 20240105114543.0
008 230509b bl.|||m| |||| 00| 0 por d
040 _aBR-BrBNA
_bpor
_cBiblioteca Nacional de Agricultura
072 _aF10
090 _aF10 BR7908007
110 1 _aDepartamento Nacional de Aguas e Energia Eletrica, Brasilia, DF (Brasil)
_93266
245 1 _aBacia do Rio Uruguai (dados atualizados ate 1975)[Brasil]
_bv. 1
260 3 _aBrasilia, DF (Brasil):
_c1979.
300 _a921 p.
490 _aBoletim Fluviometrico - Departamento Nacional de Aguas e Energia Eletrica (Brazil)
_v
_x
500 _a8 illus.
650 _aFLUVIOMETRIA
650 _aBACIA HIDROGRAFICA
650 _aBACIA DO RIO URUGUAI
909 _a202312
_bLúcia Elande
_c55
_dLúcia Elande
942 _2AGRIS
_n0
_cMS
999 _c270001
_d270001